| 000 | 00549cam a2200217 4500 | ||
|---|---|---|---|
| 001 | 45428 | ||
| 010 | _a972711511X | ||
| 021 | _b193046/03 | ||
| 090 | _a45428 | ||
| 100 | _a20031120e20032003me y0pory5003 ba | ||
| 101 | 0 | _apor | |
| 102 | _aPT | ||
| 200 | 1 |
_aOnze minutos _fPaulo Coelho |
|
| 205 |
_a1.ª ed., _b1.ª reimp. |
||
| 210 | 9 |
_aCascais _cPergaminho, _dimp. 2003 |
|
| 215 |
_a279, [1] p. _d24 cm |
||
| 225 | 2 | _aObras de Paulo Coelho | |
| 675 |
_a821.134.3(81)-31"19/20" _vBN _zpor |
||
| 700 | 1 |
_aCoelho, _bPaulo, _f1947- |
|
| 801 |
_aPT _gRPC |
||
| 990 | _cLIVROS | ||